00380nam a2200145Ia 4500008004100000020001500041041001200056082001600068100001700084245006600101260003100167300000800198650001400206700001400220221030s9999 xx 000 0 und d a8126500417 aEnglish a105.23bKoo aD. J. Koosis 0aJava TM 2 Programming For Dummiescby D. J. Koosis, D. Koosis bIDG BooksaNew Delhic2000 a346 aComputers aD. Koosis